000 00605nam a2200205 i 4500
001 bg
100 1 _aCIEPŁUCHA, Jan
245 0 _aPodstawy metrologii :
_bćwiczenia audytoryjne /
_cJ. Ciepłucha.
260 _aŁódź,
_c1990.
490 1 _aSkrypty dla Szkół Wyższych / Politechnika Łódzka
650 9 _aPomiary
650 9 _aPrzyrządy pomiarowe
655 _aPodręczniki akademickie
830 0 _aSkrypty dla Szkół Wyższych (Politechnika Łódzka)
040 _cBPK
041 _apol
080 _a53.08:389](075.8)(076)
942 _cKS
008 s pl f |000 0 pol
999 _c4547
_d4547
856 _uhttp://koha.tu.koszalin.pl/cgi-bin/koha/opac-detail.pl?biblionumber=4547
_yKatalog online BPK